书目信息 |
| 题名: |
大学生职业指导教材
|
|
| 作者: | 王兆明 主编 | |
| 分册: | 上册 职业生涯规划 | |
| 出版信息: | 苏州 苏州大学出版社 2005.09 |
|
| 页数: | 247页 | |
| 开本: | 23cm | |
| 丛书名: | ||
| 单 册: | ||
| 中图分类: | G647.38 | |
| 科图分类: | ||
| 主题词: | 大学生--da xue sheng--职业选择 | |
| 电子资源: | ||
| ISBN: | 7-81090-559-7 | |
| 000 | 00841nam0 2200229 450 | |
| 001 | 012006700552 | |
| 005 | 20060927155354.81 | |
| 010 | @a7-81090-559-7@dCNY36.00 (全两册) | |
| 100 | @a20060728d2005 km y0chiy0120 ea | |
| 101 | 0 | @achi |
| 102 | @aCN@b320000 | |
| 105 | @ay z 000yy | |
| 200 | 1 | @a大学生职业指导教材@Ada xue sheng zhi ye zhi dao jiao cai@h上册@i职业生涯规划@f王兆明主编@Fwang zhao ming zhu bian |
| 210 | @a苏州@c苏州大学出版社@d2005.09 | |
| 215 | @a247页@d23cm | |
| 330 | @a本书为《大学生职业指导教材》的上篇,内容有:时代特征与历史使命, 高等教育与人才培养, 开译职业指导课的意义, 职业理想等 | |
| 517 | 1 | @a职业生涯规划@Azhi ye sheng ya gui hua |
| 606 | 0 | @a大学生@Ada xue sheng@x职业选择 |
| 690 | @aG647.38@v4 | |
| 701 | 0 | @a王兆明@Awang zhao ming@4主编 |
| 801 | 0 | @aCN@c20060927 |
| 905 | @a10447@dG647.38@eW454:1 | |
| 大学生职业指导教材.上册.职业生涯规划/王兆明主编.-苏州:苏州大学出版社,2005.09 |
| 247页;23cm |
| ISBN 7-81090-559-7:CNY36.00 (全两册) |
| 本书为《大学生职业指导教材》的上篇,内容有:时代特征与历史使命, 高等教育与人才培养, 开译职业指导课的意义, 职业理想等 |
| ● |
| 相关链接 |
|
|
|
正题名:大学生职业指导教材
索取号:G647.38/W454:1
 
预约/预借
| 序号 | 登录号 | 条形码 | 馆藏地/架位号 | 状态 | 备注 |
| 1 | 598864 | 205988644 | 社科二线422/409社科库 14排1列3层/ [索取号:G647.38/W454:1] | 在馆 | |
| 2 | 598865 | 205988653 | 社科库409/409社科库 14排1列3层/ [索取号:G647.38/W454:1] | 在馆 | |
| 3 | 598866 | 205988662 | 社科库409/409社科库 14排1列3层/ [索取号:G647.38/W454:1] | 在馆 |